|
|
|
|
| LEADER |
01138nam a22002777a 4500 |
| 001 |
33908 |
| 003 |
BD-DhAAL |
| 008 |
181028t2017 ko ab||| |||| 00| 0 eng d |
| 020 |
|
|
|a 9781927990209
|
| 040 |
|
|
|a BD-DhAAL
|d BD-DhAAL
|
| 082 |
|
|
|a 951.95043
|2 21
|
| 100 |
|
|
|a Lee, Jae-eui.
|9 28664
|
| 245 |
|
|
|a Gwangju diary :
|b beyond death, beyond the darkness of the age /
|c Jae-eui Lee; translated by Su Seol Kap and Nick Mamatas.
|
| 250 |
|
|
|a Second edition.
|
| 260 |
|
|
|a Gwangju, Korea :
|b May 18 Memorial Foundation,
|c 2017.
|
| 300 |
|
|
|a 163 pages :
|b illustrations ;
|c 22 cm.
|
| 504 |
|
|
|a Includes bibliographical references
|
| 541 |
|
|
|a Complimentary Copy
|e 33908
|
| 650 |
|
|
|a Kwangju Uprising, Kwangju-si,
|z Korea,
|y 1980.
|9 28665
|
| 651 |
|
|
|a Korea (South)
|x Politics and government.
|y 1960-1988.
|9 28666
|
| 700 |
|
|
|a Seol Kap, Su.
|9 28668
|
| 700 |
|
|
|a Mamatas, Nick.
|9 28669
|
| 852 |
|
|
|a Ayesha Abed Library
|c General Stacks
|
| 942 |
|
|
|2 ddc
|c BK
|
| 999 |
|
|
|c 40164
|d 40164
|
| 952 |
|
|
|0 0
|1 0
|2 ddc
|4 0
|6 951_950430000000000_LEE
|7 0
|9 64533
|a BRACUL
|b BRACUL
|c GEN
|d 2018-10-28
|e Complimentary copy
|l 0
|o 951.95043 LEE
|p 3010033908
|r 2018-10-28
|t 1
|w 2018-10-28
|y BK
|